ELECTRONICS FOR YOU (Record no. 177220)
[ view plain ]
| 000 -LEADER | |
|---|---|
| fixed length control field | 00288nam a2200121Ia 4500 |
| 008 - FIXED-LENGTH DATA ELEMENTS--GENERAL INFORMATION | |
| fixed length control field | 210707s9999 xx 000 0 und d |
| 041 ## - LANGUAGE CODE | |
| Language code of text/sound track or separate title | eng |
| 082 ## - DEWEY DECIMAL CLASSIFICATION NUMBER | |
| Classification number | CD186 |
| 100 ## - MAIN ENTRY--PERSONAL NAME | |
| Personal name | ELECTRONICS FOR YOU |
| 245 ## - TITLE STATEMENT | |
| Title | ELECTRONICS FOR YOU |
| 650 ## - SUBJECT ADDED ENTRY--TOPICAL TERM | |
| Topical term or geographic name entry element | Electronics |
| 906 ## - LOCAL DATA ELEMENT F, LDF (RLIN) | |
| a | ELECTRONICS FOR YOU |
| Withdrawn status | Lost status | Damaged status | Not for loan | Collection code | Home library | Current library | Date acquired | Source of acquisition | Total Checkouts | Full call number | Barcode | Date last seen | Price effective from | Koha item type |
|---|---|---|---|---|---|---|---|---|---|---|---|---|---|---|
| Not for loan | St Aloysius Library | St Aloysius Library | 07/07/2021 | Higginbothams (P) Ltd., Mangalore 01 | CD186 | CD186 | 07/07/2021 | 07/07/2021 | CD |